[Event "Titled Tuesday intern op 02nd Apr Late"]
[Site "Chess.com INT"]
[Date "2024.04.02"]
[Round "3"]
[White "Saveliev, Alexei"]
[Black "Andreikin, Dmitry"]
[Result "0-1"]
[WhiteElo "2347"]
[BlackElo "2729"]
[PlyCount "144"]
[EventDate "2024.04.02"]
[EventType "swiss (blitz)"]
[EventRounds "11"]
[EventCountry "USA"]
[SourceTitle "CB15_2024"]
[SourceDate "2024.04.10"]
[SourceVersion "1"]
[SourceVersionDate "2024.04.10"]
[SourceQuality "1"]

1. c4 e6 2. Nc3 d5 3. cxd5 exd5 4. d4 c6 5. Nf3 Nf6 6. Qc2 Be7 7. Bg5 h6 8. Bh4 Nbd7 9. e3 0-0 10. Bd3 Re8 11. 0-0 Ne4 12. Bxe7 Qxe7 13. Bxe4 dxe4 14. Nd2 Nf6 15. Rab1 Bf5 16. b4 Rac8 17. Nc4 Qe6 18. Ne2 Nd5 19. Qb3 h5 20. Rbc1 h4 21. Nf4 Qh6 22. h3 Nxf4 23. exf4 Qxf4 24. Qe3 Qc7 25. Qg5 Be6 26. Qxh4 Rcd8 27. Rfd1 Bxc4 28. Rxc4 e3 29. fxe3 Rxe3 30. d5 Qe7 31. Qxe7 Rxe7 32. Rcd4 Red7 33. d6 Re8 34. Kh2 Re6 35. R4d3 Kf8 36. a3 Ke8 37. R1d2 Kd8 38. g4 g5 39. Kg3 f6 40. h4 gxh4+ 41. Kxh4 Rh7+ 42. Kg3 Kd7 43. Kf4 Rh1 44. Kf5 Rf1+ 45. Kg6 f5+ 46. Kg5 fxg4 47. Rh2 Rf7 48. Rh8 Rg7+ 49. Kh4 Rxd6 50. Rxd6+ Kxd6 51. Kg3 Kd5 52. Rh1 Kc4 53. Rb1 a6 54. a4 b5 55. axb5 axb5 56. Rb2 Kc3 57. Rb1 Kc2 58. Rf1 Rg6 59. Rf4 Kc3 60. Re4 Rd6 61. Rxg4 Rd4 62. Rg6 Rc4 63. Kf3 Kxb4 64. Ke2 Kc3 65. Kd1 Kb3 66. Rg3+ Rc3 67. Rg8 b4 68. Ra8 c5 69. Kd2 Kb2 70. Rb8 b3 71. Kd1 Rc2 72. Rb5 c4 0-1

[Event "Titled Tuesday intern op 02nd Apr Late"]
[Site "Chess.com INT"]
[Date "2024.04.02"]
[Round "8"]
[White "Saveliev, Alexei"]
[Black "Durarbayli, Vasif"]
[Result "1/2-1/2"]
[WhiteElo "2347"]
[BlackElo "2627"]
[PlyCount "117"]
[EventDate "2024.04.02"]
[EventType "swiss (blitz)"]
[EventRounds "11"]
[EventCountry "USA"]
[SourceTitle "CB15_2024"]
[SourceDate "2024.04.10"]
[SourceVersion "1"]
[SourceVersionDate "2024.04.10"]
[SourceQuality "1"]

1. c4 e5 2. Nc3 Nf6 3. Nf3 e4 4. Ng5 c6 5. Ngxe4 Nxe4 6. Nxe4 d5 7. cxd5 cxd5 8. Ng3 h5 9. e3 h4 10. Ne2 Nc6 11. d4 Bd6 12. Nf4 Bxf4 13. exf4 Bf5 14. Be2 Qb6 15. 0-0 h3 16. Re1 0-0-0 17. Bg4 Bxg4 18. Qxg4+ Kb8 19. f5 hxg2 20. Bf4+ Ka8 21. b4 Qxb4 22. Rab1 Qxd4 23. Red1 Qe4 24. Re1 Qa4 25. Qg3 g6 26. f6 Rhe8 27. Bc7 Rc8 28. Bd6 Nd4 29. Qxg2 Rxe1+ 30. Rxe1 Qxa2 31. h4 Nf5 32. Bg3 Qc4 33. Re5 Nxh4 34. Qxd5 Qxd5 35. Rxd5 Nf5 36. Rd7 Nxg3 37. fxg3 Rf8 38. Kf2 a5 39. Ke3 Ka7 40. Kd4 Ka6 41. Kc4 Rc8+ 42. Kb3 Rc5 43. Rxf7 Rg5 44. Rg7 Rxg3+ 45. Kc4 Kb6 46. f7 Rg4+ 47. Kd5 Rf4 48. Rxg6+ Kb5 49. Ke6 Rxf7 50. Kxf7 a4 51. Ke6 Kc4 52. Rg4+ Kb3 53. Kd5 a3 54. Kc5 a2 55. Rg3+ Kb2 56. Rg2+ Kb3 57. Rg3+ Kb2 58. Rg2+ Kb3 59. Rg3+ 1/2-1/2

[Event "Titled Tuesday intern op 06th Feb Late"]
[Site "Chess.com INT"]
[Date "2024.02.06"]
[Round "1"]
[White "Saveliev, Alexei"]
[Black "Korol, Dimitry"]
[Result "1-0"]
[WhiteElo "2366"]
[BlackElo "2287"]
[PlyCount "133"]
[EventDate "2024.02.06"]
[EventType "swiss (blitz)"]
[EventRounds "11"]
[EventCountry "USA"]
[SourceTitle "CB07_2024"]
[SourceDate "2024.02.14"]
[SourceVersion "1"]
[SourceVersionDate "2024.02.14"]
[SourceQuality "1"]

1. c4 c5 2. Nc3 g6 3. e3 Bg7 4. d4 Nf6 5. Nf3 cxd4 6. exd4 d5 7. cxd5 Nxd5 8. Be2 0-0 9. 0-0 Nc6 10. Be3 b6 11. Rc1 Bb7 12. Re1 Rc8 13. Qd2 Nxe3 14. fxe3 e6 15. Red1 Qe7 16. Ne1 Rfd8 17. Bf3 Na5 18. Qf2 h6 19. b3 Bxf3 20. Nxf3 Qb4 21. Ne4 Qa3 22. Rxc8 Rxc8 23. Ne5 Qe7 24. Qxf7+ Qxf7 25. Nxf7 Rc2 26. Nd8 Rxa2 27. Nxe6 Re2 28. Rd3 Bf8 29. d5 Nb7 30. d6 Nxd6 31. Nxd6 Bxd6 32. Kf1 Rb2 33. Rxd6 Rxb3 34. Kf2 a5 35. Rd8+ Kf7 36. Nd4 Rb2+ 37. Kf3 a4 38. Ra8 b5 39. Ra5 Kf6 40. Nxb5 Ke5 41. Nd4+ Kd6 42. Rxa4 Kc5 43. Ra5+ Kc4 44. Ra6 Kd3 45. Rxg6 Rb1 46. Rxh6 Rf1+ 47. Kg3 Kxe3 48. Nf3 Ra1 49. Re6+ Kd3 50. h4 Ra8 51. h5 Rg8+ 52. Kh3 Rh8 53. h6 Kc4 54. g4 Kd5 55. Rf6 Ke4 56. Kg3 Kd5 57. g5 Ke4 58. Kg4 Kd5 59. Nh4 Ke4 60. Ng6 Rh7 61. Re6+ Kd5 62. Re7 Rxe7 63. Nxe7+ Ke6 64. h7 Kf7 65. h8Q Ke6 66. Qf6+ Kd7 67. Nd5 1-0

[Event "Titled Tuesday intern op 24th Oct Late"]
[Site "Chess.com INT"]
[Date "2023.10.24"]
[Round "5"]
[White "Saveliev, Alexei"]
[Black "Kamsky, Gata"]
[Result "0-1"]
[WhiteElo "2366"]
[BlackElo "2641"]
[PlyCount "85"]
[EventDate "2023.10.24"]
[EventType "swiss (blitz)"]
[EventRounds "11"]
[EventCountry "USA"]
[SourceTitle "Mega2024 Update 01"]
[Source "Chessbase"]
[SourceDate "2023.11.12"]
[SourceVersion "1"]
[SourceVersionDate "2023.11.12"]
[SourceQuality "1"]

1. c4 e5 2. Nc3 Nc6 3. Nf3 Nf6 4. e3 g6 5. d4 d6 6. Be2 Bg7 7. 0-0 0-0 8. b3 e4 9. Nd2 Re8 10. Bb2 d5 11. cxd5 Nb4 12. Rc1 Nbxd5 13. Nxd5 Nxd5 14. Nc4 Qg5 15. Kh1 h5 16. Ne5 c6 17. Bc4 Be6 18. Qe2 f6 19. Bxd5 cxd5 20. f4 Qf5 21. h3 fxe5 22. dxe5 Rec8 23. Bd4 b6 24. Qa6 Qf7 25. a4 Bf8 26. a5 bxa5 27. Qxa5 Qb7 28. Qa2 h4 29. Qf2 Be7 30. f5 Bxf5 31. e6 Rxc1 32. Rxc1 Rc8 33. Ra1 Bc5 34. Be5 Qe7 35. Qf4 Qxe6 36. Bb2 d4 37. exd4 Bd6 38. Qxh4 Qe7 39. Qh6 Rc2 40. Rb1 e3 41. d5 Rxb2 42. Rxb2 e2 43. Rxe2 0-1

[Event "Titled Tuesday intern op 26th Sep Late"]
[Site "Chess.com INT"]
[Date "2023.09.26"]
[Round "4"]
[White "Saveliev, Alexei"]
[Black "Herman, Matthew J"]
[Result "1-0"]
[WhiteElo "2366"]
[BlackElo "2383"]
[PlyCount "93"]
[EventDate "2023.09.26"]
[EventType "swiss (blitz)"]
[EventRounds "11"]
[EventCountry "USA"]
[SourceTitle "EXT 2024"]
[Source "ChessBase"]
[SourceDate "2023.10.10"]
[SourceVersion "1"]
[SourceVersionDate "2023.10.10"]
[SourceQuality "1"]

1. c4 Nf6 2. Nc3 g6 3. e4 d6 4. d4 Bg7 5. f4 0-0 6. Nf3 Na6 7. Bd3 e5 8. fxe5 dxe5 9. d5 Ne8 10. 0-0 Nc5 11. Bc2 a5 12. Be3 b6 13. Qd2 Nd6 14. b3 Bg4 15. Bh6 Bxf3 16. Rxf3 f6 17. Bxg7 Kxg7 18. Raf1 Qe7 19. Qe2 Rf7 20. h3 Raf8 21. g4 Rh8 22. Rg3 Rhf8 23. a3 Ra8 24. Kh2 Kh8 25. Rgf3 Nd7 26. b4 axb4 27. axb4 Nb7 28. Rb1 Nd6 29. Bd3 g5 30. Rff1 Nf8 31. c5 Ne8 32. d6 cxd6 33. c6 Ng6 34. Nd5 Qd8 35. Ra1 Nf4 36. Qe3 Rxa1 37. Rxa1 Nc7 38. Qxb6 Nfxd5 39. exd5 f5 40. Bxf5 e4 41. Qd4+ Kg8 42. Qxe4 Qf6 43. Ra2 Re7 44. Be6+ Nxe6 45. dxe6 Rxe6 46. Qf5 Qe5+ 47. Qxe5 1-0

[Event "Titled Tuesday intern op 26th Sep Late"]
[Site "Chess.com INT"]
[Date "2023.09.26"]
[Round "8"]
[White "Saveliev, Alexei"]
[Black "Rasulov, Vugar Ural Oglu"]
[Result "0-1"]
[WhiteElo "2366"]
[BlackElo "2538"]
[PlyCount "104"]
[EventDate "2023.09.26"]
[EventType "swiss (blitz)"]
[EventRounds "11"]
[EventCountry "USA"]
[SourceTitle "EXT 2024"]
[Source "ChessBase"]
[SourceDate "2023.10.10"]
[SourceVersion "1"]
[SourceVersionDate "2023.10.10"]
[SourceQuality "1"]

1. c4 e6 2. Nc3 d5 3. cxd5 exd5 4. d4 c6 5. Nf3 Bf5 6. Bg5 Be7 7. Bxe7 Qxe7 8. e3 Nf6 9. Bd3 Bxd3 10. Qxd3 0-0 11. 0-0 Nbd7 12. Nd2 Rfe8 13. Rab1 a5 14. Qc2 b5 15. Ne2 Rac8 16. Nf4 c5 17. dxc5 Nxc5 18. Rbc1 g6 19. Nf3 Kg7 20. Qc3 b4 21. Qd4 Ne6 22. Nxe6+ Qxe6 23. h3 h6 24. Rfd1 Rc4 25. Qa7 Rec8 26. Rxc4 dxc4 27. Qxa5 c3 28. Qxb4 c2 29. Rc1 Qxa2 30. Nd4 Qb1 31. Qe1 Qxb2 32. f3 Nd5 33. Qd2 Nb4 34. Kh2 Kh7 35. h4 Qc3 36. Qxc3 Rxc3 37. Kg1 Rxe3 38. Kf2 Rd3 39. Ne2 g5 40. hxg5 hxg5 41. Rh1+ Kg6 42. Rh8 Rd2 43. Rc8 Nd3+ 44. Ke3 Rxe2+ 45. Kxd3 Rxg2 46. Ke3 f6 47. Rc5 Kh5 48. Rc6 Kh4 49. f4 g4 50. Ke4 Re2+ 51. Kf5 g3 52. Rxf6 g2 0-1

[Event "Titled Tuesday intern op 19th Sep Late"]
[Site "Chess.com INT"]
[Date "2023.09.19"]
[Round "2"]
[White "Saveliev, Alexei"]
[Black "Melikhov, Evgeny V"]
[Result "1-0"]
[WhiteElo "2366"]
[BlackElo "2208"]
[PlyCount "73"]
[EventDate "2023.09.19"]
[EventType "swiss (blitz)"]
[EventRounds "11"]
[EventCountry "USA"]
[SourceTitle "EXT 2024"]
[Source "ChessBase"]
[SourceDate "2023.10.10"]
[SourceVersion "1"]
[SourceVersionDate "2023.10.10"]
[SourceQuality "1"]

1. c4 e5 2. Nc3 d6 3. Nf3 f5 4. d4 e4 5. Ng5 Nf6 6. h4 c6 7. e3 Be7 8. Nh3 Na6 9. Nf4 Nc7 10. d5 0-0 11. h5 Bd7 12. b3 Qe8 13. Bb2 Qf7 14. Be2 cxd5 15. cxd5 b5 16. Rc1 Rac8 17. h6 g5 18. Ne6 Nxe6 19. dxe6 Qxe6 20. Nxb5 Bxb5 21. Bxb5 d5 22. Qd4 Rxc1+ 23. Bxc1 Qb6 24. Qxb6 Bb4+ 25. Ke2 axb6 26. Bb2 Kf7 27. Rc1 Bc5 28. a3 Ng4 29. b4 Bd6 30. Bg7 Ra8 31. Bc6 Rxa3 32. Bxd5+ Kg6 33. Rc6 f4 34. Rxd6+ Kh5 35. g3 f3+ 36. Ke1 Rd3 37. Bf7# 1-0

[Event "Titled Tuesday intern op 13th Jun Late"]
[Site "Chess.com INT"]
[Date "2023.06.13"]
[Round "1"]
[White "Saveliev, Alexei"]
[Black "Cardozo Munar, Carlos Eduardo"]
[Result "1/2-1/2"]
[WhiteElo "2366"]
[BlackElo "2043"]
[PlyCount "87"]
[EventDate "2023.06.13"]
[EventType "swiss (blitz)"]
[EventRounds "11"]
[EventCountry "USA"]
[SourceTitle "EXT 2024"]
[Source "ChessBase"]
[SourceDate "2023.10.10"]
[SourceVersion "1"]
[SourceVersionDate "2023.10.10"]
[SourceQuality "1"]

1. c4 e6 2. Nc3 d5 3. cxd5 exd5 4. d4 Nf6 5. Nf3 c6 6. Bg5 Be7 7. Qc2 Bg4 8. Ne5 Bh5 9. e3 Nbd7 10. f4 Nxe5 11. fxe5 Nd7 12. Bf4 Bg6 13. Bd3 Bxd3 14. Qxd3 Nf8 15. 0-0 Ne6 16. Bg3 0-0 17. Rf5 f6 18. Raf1 Qd7 19. Bh4 fxe5 20. Bxe7 Qxe7 21. Rxe5 Rxf1+ 22. Qxf1 Rf8 23. Qe2 Qf6 24. Qf3 h6 25. Qxf6 Rxf6 26. h4 Kf7 27. g3 g5 28. Kg2 Kg6 29. Ne2 Ng7 30. Re7 Rf7 31. Rxf7 Kxf7 32. hxg5 hxg5 33. Kf3 Nf5 34. e4 dxe4+ 35. Kxe4 Ke6 36. Kd3 Nd6 37. a3 Kf5 38. b3 Kg4 39. Ke3 Nf5+ 40. Kf2 Nd6 41. Ke3 Nf5+ 42. Kf2 Nd6 43. Nc3 Nf5 44. Ne2 1/2-1/2

[Event "Titled Tuesday intern op 13th Jun Late"]
[Site "Chess.com INT"]
[Date "2023.06.13"]
[Round "6"]
[White "Saveliev, Alexei"]
[Black "Pap, Gyula"]
[Result "1/2-1/2"]
[WhiteElo "2366"]
[BlackElo "2429"]
[PlyCount "147"]
[EventDate "2023.06.13"]
[EventType "swiss (blitz)"]
[EventRounds "11"]
[EventCountry "USA"]
[SourceTitle "EXT 2024"]
[Source "ChessBase"]
[SourceDate "2023.10.10"]
[SourceVersion "1"]
[SourceVersionDate "2023.10.10"]
[SourceQuality "1"]

1. c4 e6 2. Nc3 d5 3. cxd5 exd5 4. d4 c6 5. Nf3 Bf5 6. Bg5 Qb6 7. Qd2 Nd7 8. e3 Ngf6 9. Bd3 Ne4 10. Qc2 Nxg5 11. Bxf5 Nxf3+ 12. gxf3 Nf6 13. Rg1 g6 14. Bd3 Bg7 15. f4 0-0 16. Kf1 Rac8 17. Kg2 c5 18. Na4 Qc6 19. dxc5 d4+ 20. e4 b5 21. cxb6 Qxc2 22. Bxc2 Rxc2 23. e5 Ne4 24. Kf3 f5 25. exf6 Nxf6 26. bxa7 Ra8 27. Rac1 Rxc1 28. Rxc1 Rxa7 29. b3 Nd5 30. Rc8+ Kf7 31. Ke4 Nc3+ 32. Nxc3 dxc3 33. a4 Rb7 34. a5 Rxb3 35. a6 Ra3 36. Rc7+ Kg8 37. a7 Bf8 38. Kd3 h5 39. h4 Ra1 40. Kxc3 Rc1+ 41. Kd3 Rxc7 42. a8Q Rf7 43. Ke4 Kg7 44. Qd8 Be7 45. Qd5 Bxh4 46. Qc6 Bf6 47. Kf3 Be5 48. Ke4 Bxf4 49. Qc3+ Kh7 50. Qc4 Kg8 51. Qe6 Kg7 52. Qc8 Bg5 53. Qc3+ Bf6 54. Qb3 Ba1 55. f4 Bf6 56. Ke3 Rf8 57. Ke4 Kh7 58. Qb5 Bg7 59. Qc6 Rf5 60. Qd7 Kh6 61. Qb7 Kh7 62. Qd7 Rf6 63. Qc7 Rf8 64. Qd7 Kh8 65. Qe7 Bh6 66. Qe5+ Kg8 67. Qe6+ Kg7 68. Qe5+ Kh7 69. Qe7+ Kh8 70. Qe5+ Bg7 71. Qe7 Kh7 72. Qd7 Ra8 73. Qc6 Rf8 74. Qd7 1/2-1/2

[Event "Titled Tuesday intern op 13th Jun Late"]
[Site "Chess.com INT"]
[Date "2023.06.13"]
[Round "5"]
[White "Xiong, Jeffery"]
[Black "Saveliev, Alexei"]
[Result "1-0"]
[WhiteElo "2692"]
[BlackElo "2366"]
[PlyCount "63"]
[EventDate "2023.06.13"]
[EventType "swiss (blitz)"]
[EventRounds "11"]
[EventCountry "USA"]
[SourceTitle "EXT 2024"]
[Source "ChessBase"]
[SourceDate "2023.10.10"]
[SourceVersion "1"]
[SourceVersionDate "2023.10.10"]
[SourceQuality "1"]

1. e4 g6 2. d4 Bg7 3. Nf3 d6 4. Be3 Nc6 5. Bb5 a6 6. Bxc6+ bxc6 7. 0-0 Nf6 8. Nbd2 0-0 9. h3 Nd7 10. c3 a5 11. Re1 Ba6 12. Qc2 Qb8 13. b3 Re8 14. Rad1 h6 15. c4 Qb4 16. Nb1 a4 17. Nc3 axb3 18. axb3 Rab8 19. Nd2 e5 20. d5 c5 21. Ra1 Qb7 22. Ra5 Ra8 23. Rea1 Ra7 24. Qa2 Rea8 25. Nb5 f5 26. Nxa7 f4 27. Rxa6 fxe3 28. fxe3 Nb6 29. Nb5 Rf8 30. Ra7 Qc8 31. Rxc7 Qd8 32. Qa7 1-0

[Event "Titled Tuesday intern op 30th May Late"]
[Site "Chess.com INT"]
[Date "2023.05.30"]
[Round "8"]
[White "Saveliev, Alexei"]
[Black "Hambleton, Aman"]
[Result "1-0"]
[WhiteElo "2385"]
[BlackElo "2420"]
[PlyCount "83"]
[EventDate "2023.05.30"]
[EventType "swiss (blitz)"]
[EventRounds "11"]
[EventCountry "USA"]
[SourceTitle "CBM 214 Extra"]
[Source "ChessBase"]
[SourceDate "2023.07.31"]
[SourceVersion "1"]
[SourceVersionDate "2023.07.31"]
[SourceQuality "1"]

1. c4 c5 2. Nc3 b6 3. e3 Bb7 4. d4 cxd4 5. exd4 e6 6. d5 Bb4 7. Nf3 Nf6 8. Bg5 h6 9. Bh4 Na6 10. Be2 Nc5 11. 0-0 Bxc3 12. bxc3 Nce4 13. Bd3 g5 14. Bxe4 gxh4 15. Re1 Nxe4 16. Rxe4 h3 17. Qd4 Rg8 18. g3 Qe7 19. a4 Rc8 20. Rae1 Kf8 21. Rf4 Rg7 22. Nh4 Kg8 23. Qxg7+ Kxg7 24. Nf5+ Kf8 25. Nxe7 Kxe7 26. Rh4 Rc5 27. Ree4 Kd6 28. Rxh3 f5 29. Rd4 Ra5 30. Rxh6 Kc7 31. Rh7 Rxa4 32. h4 e5 33. Rd1 Rxc4 34. h5 b5 35. h6 f4 36. Rg7 fxg3 37. fxg3 Rxc3 38. h7 Rc2 39. h8Q Bxd5 40. Rxd5 Rc1+ 41. Kf2 Rh1 42. Qxh1 1-0

[Event "Titled Tuesday intern op 30th May Late"]
[Site "Chess.com INT"]
[Date "2023.05.30"]
[Round "3"]
[White "Saveliev, Alexei"]
[Black "Sailer, Mike L"]
[Result "1-0"]
[WhiteElo "2385"]
[BlackElo "2109"]
[PlyCount "105"]
[EventDate "2023.05.30"]
[EventType "swiss (blitz)"]
[EventRounds "11"]
[EventCountry "USA"]
[SourceTitle "CBM 214 Extra"]
[Source "ChessBase"]
[SourceDate "2023.07.31"]
[SourceVersion "1"]
[SourceVersionDate "2023.07.31"]
[SourceQuality "1"]

1. c4 c6 2. Nc3 d5 3. cxd5 cxd5 4. d4 Nf6 5. Nf3 Nc6 6. Bg5 Ne4 7. Bh4 Nxc3 8. bxc3 Qa5 9. Qb3 e6 10. e3 Bd6 11. Bd3 0-0 12. 0-0 h6 13. e4 dxe4 14. Bxe4 Ne7 15. c4 Qb4 16. Qxb4 Bxb4 17. Rab1 Ba3 18. Rb3 g5 19. Bg3 f5 20. Bb1 f4 21. Rxa3 fxg3 22. hxg3 Nc6 23. Be4 Bd7 24. Re1 g4 25. Bxc6 Bxc6 26. Ne5 Rfd8 27. Rd3 h5 28. Ng6 Kf7 29. Nf4 b5 30. cxb5 Bxb5 31. Rb3 Bc4 32. Rb7+ Kf6 33. Nxh5+ Kg6 34. Nf4+ Kf6 35. a3 Rxd4 36. Nh5+ Kg6 37. Nf4+ Kf6 38. Rh7 e5 39. Ne2 Bxe2 40. Rxe2 Rd1+ 41. Kh2 Kg6 42. Rh4 Kg5 43. Rxe5+ Kf6 44. Re4 Rd3 45. Rf4+ Kg6 46. a4 Rb8 47. Rhxg4+ Kh5 48. Rh4+ Kg5 49. Rhg4+ Kh5 50. Rg7 Kh6 51. Rfg4 Rb2 52. R7g6+ Kh5 53. R4g5# 1-0

[Event "Titled Tuesday intern op 30th May Late"]
[Site "Chess.com INT"]
[Date "2023.05.30"]
[Round "2"]
[White "Shapiro, Daniel E"]
[Black "Saveliev, Alexei"]
[Result "1/2-1/2"]
[WhiteElo "2284"]
[BlackElo "2385"]
[PlyCount "120"]
[EventDate "2023.05.30"]
[EventType "swiss (blitz)"]
[EventRounds "11"]
[EventCountry "USA"]
[SourceTitle "CBM 214 Extra"]
[Source "ChessBase"]
[SourceDate "2023.07.31"]
[SourceVersion "1"]
[SourceVersionDate "2023.07.31"]
[SourceQuality "1"]

1. d4 g6 2. e4 Bg7 3. Nc3 d6 4. h3 Nc6 5. Nge2 e5 6. Be3 f5 7. g3 Nf6 8. Bg2 0-0 9. Qd2 fxe4 10. Nxe4 Nxe4 11. Bxe4 Bf5 12. Bxf5 Rxf5 13. 0-0-0 Qd7 14. f4 exf4 15. Bxf4 Re8 16. c3 Qf7 17. Kb1 b5 18. Nc1 b4 19. Qg2 d5 20. Rhe1 bxc3 21. bxc3 Na5 22. Nb3 Nc4 23. Rxe8+ Qxe8 24. Bxc7 Ne3 25. Re1 Bh6 26. Bf4 Bxf4 27. gxf4 Nxg2 28. Rxe8+ Kf7 29. Ra8 Nxf4 30. Rxa7+ Kg8 31. a4 Nxh3 32. a5 g5 33. a6 Rf6 34. Nc5 g4 35. Rb7 Rxa6 36. Nxa6 g3 37. Kc2 g2 38. Rb1 g1Q 39. Rxg1+ Nxg1 40. Kd3 Kf7 41. Nc5 h5 42. Nb3 Nf3 43. Ke3 Ng5 44. Kf4 Kf6 45. Nd2 Ne6+ 46. Kf3 Kg5 47. Kg3 h4+ 48. Kf3 Kf5 49. Kg2 Kg4 50. c4 dxc4 51. Nxc4 Nxd4 52. Ne5+ Kf5 53. Nf3 Nxf3 54. Kxf3 Kg5 55. Kg2 Kg4 56. Kh1 h3 57. Kg1 Kh4 58. Kh1 Kg3 59. Kg1 h2+ 60. Kh1 Kh3 1/2-1/2

[Event "Titled Tuesday intern op 16th May Late"]
[Site "Chess.com INT"]
[Date "2023.05.16"]
[Round "11"]
[White "Liu, Casper Yukun"]
[Black "Saveliev, Alexei"]
[Result "0-1"]
[WhiteElo "2278"]
[BlackElo "2385"]
[PlyCount "84"]
[EventDate "2023.05.16"]
[EventType "swiss (blitz)"]
[EventRounds "11"]
[EventCountry "USA"]
[SourceTitle "CBM 214 Extra"]
[Source "ChessBase"]
[SourceDate "2023.07.31"]
[SourceVersion "1"]
[SourceVersionDate "2023.07.31"]
[SourceQuality "1"]

1. e4 g6 2. d4 Bg7 3. Be3 d6 4. Nc3 Nc6 5. Qd2 e5 6. d5 Nce7 7. h4 f5 8. g3 Nf6 9. Bg2 h5 10. 0-0-0 fxe4 11. Nxe4 Nf5 12. Bg5 0-0 13. Nh3 Nxe4 14. Bxe4 Qe8 15. Rde1 Nd4 16. Qd3 Bf5 17. f4 Qa4 18. Kb1 Rae8 19. fxe5 Rxe5 20. Bxf5 Nxf5 21. Nf4 Kh7 22. Ne6 Rxe1+ 23. Rxe1 Qb4 24. c3 Qg4 25. Nxf8+ Bxf8 26. Re4 Qh3 27. Re8 Bg7 28. Ra8 Qg2 29. Rxa7 Qg1+ 30. Kc2 Qxa7 31. g4 hxg4 32. h5 Qf2+ 33. Kb3 gxh5 34. Qc4 Kg6 35. Qxc7 Kxg5 36. Qxb7 h4 37. a4 h3 38. a5 h2 39. a6 h1Q 40. a7 Qd1+ 41. Ka2 Qa4+ 42. Kb1 Qe1# 0-1

[Event "Titled Tuesday intern op 16th May Late"]
[Site "Chess.com INT"]
[Date "2023.05.16"]
[Round "4"]
[White "Saveliev, Alexei"]
[Black "Boyer, Mahel"]
[Result "0-1"]
[WhiteElo "2385"]
[BlackElo "2489"]
[PlyCount "74"]
[EventDate "2023.05.16"]
[EventType "swiss (blitz)"]
[EventRounds "11"]
[EventCountry "USA"]
[SourceTitle "CBM 214 Extra"]
[Source "ChessBase"]
[SourceDate "2023.07.31"]
[SourceVersion "1"]
[SourceVersionDate "2023.07.31"]
[SourceQuality "1"]

1. c4 e5 2. Nc3 d6 3. Nf3 g6 4. d4 Bg7 5. dxe5 dxe5 6. Qxd8+ Kxd8 7. Bg5+ f6 8. 0-0-0+ Nd7 9. Bd2 Nh6 10. g3 c6 11. b3 Kc7 12. Ne4 Nf7 13. Bc3 a5 14. a4 Nf8 15. Bg2 Ne6 16. h4 h6 17. c5 Rf8 18. Kb2 f5 19. Nd6 Nxc5 20. Nxf7 Rxf7 21. Nxe5 Re7 22. f4 Be6 23. Nxg6 Bxc3+ 24. Kxc3 Rg7 25. Ne5 Rxg3+ 26. Bf3 Bxb3 27. Rdg1 Rag8 28. Rxg3 Rxg3 29. Kd4 Nxa4 30. Nd3 Kd6 31. Rb1 c5+ 32. Ke3 c4 33. Ne5 Nc3 34. Nxc4+ Bxc4 35. Rxb7 Bxe2 36. Kd4 Rxf3 37. Rh7 Nb5# 0-1

[Event "RUS-chT 30th"]
[Site "Sochi"]
[Date "2023.05.08"]
[Round "7.3"]
[White "Strybuk, Artsiom I"]
[Black "Saveliev, Alexei"]
[Result "1-0"]
[WhiteElo "2376"]
[BlackElo "2385"]
[PlyCount "73"]
[EventDate "2023.05.01"]
[EventType "team-tourn"]
[EventRounds "9"]
[EventCountry "RUS"]
[SourceTitle "CBM 214 Extra"]
[Source "ChessBase"]
[SourceDate "2023.07.31"]
[SourceVersion "1"]
[SourceVersionDate "2023.07.31"]
[SourceQuality "1"]
[WhiteTeam "Belarus"]
[BlackTeam "St Petersburg SSHOR"]
[WhiteTeamCountry "BLR"]
[BlackTeamCountry "RUS"]

1. d4 Nf6 2. c4 e6 3. Nc3 Bb4 4. Qc2 c5 5. dxc5 Bxc5 6. Nf3 Nc6 7. Bg5 h6 8. Bh4 b6 9. e3 Bb7 10. Be2 0-0 11. 0-0 Be7 12. Rfd1 Rc8 13. Nb5 d5 14. Qa4 Ne4 15. cxd5 exd5 16. Bxe7 Qxe7 17. Nxa7 Nxa7 18. Qxa7 Rc2 19. Nd4 Rxb2 20. Rab1 Rxb1 21. Rxb1 Re8 22. Qxb6 Bc8 23. a4 h5 24. Qb4 Qg5 25. Nf3 Qg6 26. Rc1 Bh3 27. Bf1 Bg4 28. Ne5 Qf5 29. Nxg4 hxg4 30. Qb2 Kh7 31. Bd3 Re6 32. a5 Rh6 33. a6 Qh5 34. Qb8 g3 35. Qxg3 Rxa6 36. Qf3 Qh4 37. Bxa6 1-0

[Event "Titled Tuesday intern op 02nd May Late"]
[Site "Chess.com INT"]
[Date "2023.05.02"]
[Round "3"]
[White "Gutkin, Ilya"]
[Black "Saveliev, Alexei"]
[Result "1-0"]
[WhiteElo "2273"]
[BlackElo "2385"]
[PlyCount "117"]
[EventDate "2023.05.02"]
[EventType "swiss (blitz)"]
[EventRounds "11"]
[EventCountry "USA"]
[SourceTitle "EXT 2024"]
[Source "ChessBase"]
[SourceDate "2023.10.10"]
[SourceVersion "1"]
[SourceVersionDate "2023.10.10"]
[SourceQuality "1"]

1. Nf3 g6 2. d4 Bg7 3. e4 d6 4. c3 Nc6 5. d5 Nb8 6. Bd3 c5 7. c4 Nf6 8. Nc3 0-0 9. h3 e6 10. 0-0 exd5 11. exd5 a6 12. a4 Bd7 13. Re1 Qc8 14. Qc2 Bxh3 15. gxh3 Qxh3 16. Nh2 Nbd7 17. Bf1 Qh4 18. Bg2 Ne5 19. Ne4 Nfg4 20. Nxg4 Nxg4 21. Bf4 Be5 22. Bg3 Bxg3 23. fxg3 Qh2+ 24. Kf1 Rae8 25. Nf2 Qxg3 26. Nxg4 Qxg4 27. b3 h5 28. Qf2 h4 29. Qf3 Qd4 30. Rxe8 Rxe8 31. Re1 Rxe1+ 32. Kxe1 Kg7 33. Ke2 Qb2+ 34. Kf1 b6 35. Qd3 Qe5 36. Qe4 Qb2 37. Qd3 f5 38. Bf3 Qc1+ 39. Kg2 Qf4 40. Be2 g5 41. Qf3 Qe5 42. Qh5 Qf6 43. Bf3 g4 44. Be2 Qg6 45. Qxh4 Qf7 46. Qg5+ Kh8 47. Qh6+ Kg8 48. Qxd6 Kg7 49. Qe5+ Kh7 50. Qe6 Qc7 51. Bd3 Kg7 52. Qxf5 Qe7 53. Qg6+ Kf8 54. Qf5+ Kg7 55. Qh7+ Kf6 56. Qxe7+ Kxe7 57. Kg3 b5 58. axb5 a5 59. Kxg4 1-0

[Event "Titled Tuesday intern op 02nd May Late"]
[Site "Chess.com INT"]
[Date "2023.05.02"]
[Round "2"]
[White "Saveliev, Alexei"]
[Black "Deac, Bogdan Daniel"]
[Result "0-1"]
[WhiteElo "2385"]
[BlackElo "2700"]
[PlyCount "102"]
[EventDate "2023.05.02"]
[EventType "swiss (blitz)"]
[EventRounds "11"]
[EventCountry "USA"]
[SourceTitle "EXT 2024"]
[Source "ChessBase"]
[SourceDate "2023.10.10"]
[SourceVersion "1"]
[SourceVersionDate "2023.10.10"]
[SourceQuality "1"]

1. c4 b6 2. Nc3 Bb7 3. d4 f5 4. a3 e6 5. d5 exd5 6. cxd5 Nf6 7. g3 g6 8. Bg2 Bg7 9. Nh3 0-0 10. 0-0 Na6 11. Bg5 h6 12. Be3 Qe8 13. Qc2 c5 14. Rad1 d6 15. Nf4 Nc7 16. Qb3 Kh7 17. Ne6 Nxe6 18. dxe6 Bxg2 19. Kxg2 Qc6+ 20. Kg1 Rfe8 21. Bf4 Rad8 22. Nb5 c4 23. Nd4 Qc5 24. Qf3 Ng4 25. e7 Rd7 26. Ne6 Ne5 27. Qc3 Qc6 28. Nxg7 Kxg7 29. Bxe5+ dxe5 30. Qxe5+ Kf7 31. Rxd7 Qxd7 32. Rc1 Rxe7 33. Qf4 b5 34. Qxh6 Qd6 35. h4 Qe5 36. Rc3 Qg7 37. Qf4 Qe5 38. Qh6 Qf6 39. Rf3 Rxe2 40. h5 Re1+ 41. Kg2 Re5 42. Qh7+ Qg7 43. hxg6+ Kf6 44. Qh4+ Kxg6 45. Qf4 Qf6 46. Qd4 a6 47. g4 Qe6 48. gxf5+ Rxf5 49. Rg3+ Rg5 50. Rxg5+ Kxg5 51. Qc5+ Kg6 0-1